Responses for show #3582 - Tuesday, March 14, 2000

Robin Carroll game 2.

Contestants

[<< previous game]

Amy Wang, a copy editor from Portland, Oregon

Mike Zarren, a strategic consultant from Chicago, Illinois

Robin Carroll, a researcher from Marietta, Georgia (whose 1-day cash winnings total $15,000)

[next game >>]

Jeopardy! Round responses

U.S. GEOGRAPHY
POP MUSIC PAIRINGS
HISTORIC PEOPLE
1998 QUOTATIONS
LLAMA-RAMA
DING DONG
    $100 11
Houston (Lee Brown)

Robin
    $100 6
Buddy Holly

Robin
    $100 1
Leif Ericson

Mike
    $100 16
Bill Gates

Mike
    $100 21
wool

Mike
    $100 23
Hostess

Mike
    $200 12
18

Mike
    $200 7
Prince

Amy
    $200 2
(Mike: Who was Fibonacci?)

Galileo

RobinMike
    $200 17
Monica Lewinsky

Robin
    $200 22
camels

Mike
    $200 24
"Frère Jacques"

Amy
    $300 13
Missouri, Nevada, Oklahoma & Utah

Mike
    $300 8
Peaches

Robin
    $300 3
Sir Robert Baden-Powell

Mike
    $300 18
Helen Hunt

Robin
    $300 28
sheep

Amy
    $300 25
Bell Bottoms

Mike
    $400 14
Honolulu

Robin
    $400 9
KC

Amy
    $500 4
Douglas MacArthur

Mike
    $400 19
Cal Ripken, Jr.

Robin
    $400 29
stomach

Amy
    $400 26
(Alex: From The Wizard of Oz.)

"Ding-Dong! The Witch Is Dead"

Triple Stumper
    $500 15
(Amy: What is Jacksonville?)

Miami

RobinAmy
    $500 10
Mike

Robin
    $500 5
Barbarossa

Mike
    $500 20
Pakistan

Robin
    $500 30
(Alex: My wife does the same thing, by the way! We're out of here!)

spitting

Mike
    $500 27
(Robin: What is "I Wonder Who"?)

"Who Put The Bomp"

Robin
Triple Stumper

Scores at the first commercial break (after clue 15):

Robin Mike Amy
$2,100 $1,700 $100

Scores at the end of the Jeopardy! Round:

Robin Mike Amy
$3,000 $3,000 $1,000

Double Jeopardy! Round responses

ENGLISH ROYALTY
DOUBLE DOUBLE LETTERS
(Alex: Each correct response will be a word that has 2 sets of double letters.)
"Mc" MOVIE STARS
THE BARD WRITES
LAMA-RAMA
PING-PONG
    $200 20
The Wars of the Roses

Mike
    $200 1
access

Mike
    $200 6
Steve McQueen

Amy
    $200 11
Macbeth

Robin
    $200 21
rosary

Robin
    $200 5
21

Robin
    $400 22
George VI

Robin
    $400 2
ballroom

Triple Stumper
    $400 7
Kelly McGillis

Robin
    $400 12
play on

Robin
    $400 24
Tibetan Buddhism

Robin
    $400 14
spin

Amy
    $600 23
(Mike: Who is John?)

Charles I

MikeAmy
    $600 3
eggshell

Mike
    $600 8
Hattie McDaniel

Amy
    $600 13
Juliet

Mike
    $600 25
(Robin: What is saffron/yellow?)
...
(Alex: We have a minute to go.)

white

Robin
Triple Stumper
    $600 17
handshake

Robin
    $800 26
Greece

Robin
    $800 4
(Amy: What is a letter carrier?)

addressee

Amy
Triple Stumper
    $800 9
Sir Ian McKellen

Robin
    $800 15
(Robin: What is "Neither borrower nor a lender be"?)
(Alex: Say it again.)
(Robin: What is "neither borrower or a lender be"?)
...
(Alex: You changed "nor" to "or".)
(Robin: And I left out an "a" the first time; any way you look at it, I got it wrong!)

"Neither a borrower nor a lender be"

Robin
Triple Stumper
    $2,000 30
the lotus

Amy
    $800 18
the U.S. Open

Robin
    $1000 27
(Mike: Who is Henry I?)

Henry II

RobinMike
    $1000 28
the Speedwell

Mike
    $2,000 10
Frances McDormand

Robin
    $1000 16
The Merchant of Venice

Mike
    $1000 29
Panchen Lama

Amy
    $1000 19
Bombay (Mumbai)

Robin

Scores at the end of the Double Jeopardy! Round:

Robin Mike Amy
$10,800 $5,000 $5,000
(lock game)

[wagering suggestions for these scores]

Final Jeopardy! Round responses

ORGANIZATIONS
AmyWhat are is the Masons?
$2,500
MikeWhat are the Masons? Hi Mom!
$3,900
RobinWhat are the Masons?
$200
the Masons

Final scores:

Robin Mike Amy
$11,000 $8,900 $7,500
2-day champion: $26,000 2nd place: Sanyo Blimp Ride & Trip Anywhere in the U.S. 3rd place: Smooth 7.5A Charged Treadmill from Internetfitness.com

Game dynamics:

Coryat scores:

Robin Mike Amy
$9,800 $4,900 $3,800
25 R
(including 1 DD),
3 W
18 R
(including 1 DD),
3 W
11 R
(including 1 DD),
2 W

Combined Coryat: $18,500

The J! Archive is created by fans, for fans. The Jeopardy! game show and all elements thereof, including but not limited to copyright and trademark thereto, are the property of Jeopardy Productions, Inc. and are protected under law. This website is not affiliated with, sponsored by, or operated by Jeopardy Productions, Inc. Join the discussion at JBoard.tv.